|
|
|
|
| LEADER |
00000cam a2200000 7i4500 |
| 001 |
0000093552 |
| 005 |
20240107094926.0 |
| 008 |
240104 eng |
| 020 |
|
|
|a 9789670821016 (
|q paperback)
|
| 040 |
|
|
|e rda
|
| 041 |
|
|
|a English
|
| 090 |
0 |
0 |
|a 332.088297
|b BIB
|
| 100 |
0 |
|
|a Abdul Ghafar Ismail ,
|e (author)
|
| 245 |
1 |
4 |
|a The future of Islamic banking in the global market
|c Abdul Ghafar Ismail
|
| 264 |
|
1 |
|a Putarajaya,Malaysia :
|b Perdana Leadership Foundation
|a 2022
|
| 300 |
|
|
|a 442 pages ;
|c 30 cm.
|
| 336 |
|
|
|a text
|2 rdacontent
|
| 337 |
|
|
|a unmediated
|2 rdamedia
|
| 338 |
|
|
|a volume
|2 rdacarrier
|
| 541 |
|
|
|c Donation books
|f Perdana Leadership Foundation Yayasan Kepimpinan Perdana
|
| 650 |
|
0 |
|a Bank and banking
|x Religious aspects
|x Islamic
|
| 650 |
|
0 |
|a Finance
|x Religious aspects
|x Islamic
|
| 730 |
0 |
|
|a Title
|
| 999 |
|
|
|a 0001750098
|b Book
|c Adult Collection
|e Perbadanan Perpustakaan Awam Johor
|